[Event "OLNN 1718 SV Bargteheide - Schachfreund"]
[Site "?"]
[Date "2018.04.15"]
[Round "9.3"]
[White "Schulz, Karsten"]
[Black "Porth, Hartmut"]
[Result "1/2-1/2"]
[WhiteElo "2253"]
[BlackElo "2115"]
[PlyCount "75"]
[EventDate "2018.??.??"]

1. d4 d5 2. Bf4 Nc6 3. e3 Nf6 4. c4 e6 5. Nc3 Bd6 6. Bg5 Be7 7. Nf3 O-O 8. Be2
Kh8 9. O-O Ne4 10. Bxe7 Qxe7 11. cxd5 Nxc3 12. bxc3 exd5 13. c4 Be6 14. Rb1 Nd8
15. Qc2 c6 16. Bd3 dxc4 17. Bxc4 Bxc4 18. Qxc4 f6 19. Rfe1 Nf7 20. d5 cxd5 21.
Qxd5 b6 22. Nd4 Ne5 23. Rec1 Nd3 24. Nc6 Qa3 25. Rd1 Nc5 26. Rd4 Na4 27. Rg4
Nc3 28. Qd7 g5 29. Re1 Qxa2 30. h4 Qf7 31. Qxf7 Rxf7 32. hxg5 fxg5 33. Rxg5
Rxf2 34. Kxf2 Ne4+ 35. Kf3 Nxg5+ 36. Kf4 Ne6+ 37. Ke5 Nc5 38. Kd6 {(=)} 1/2-1/2

[Event "OLNN 1718 SV Bargteheide - Schachfreund"]
[Site "?"]
[Date "2018.04.15"]
[Round "9.4"]
[White "Thanisch, Matthias"]
[Black "de Jong, Migchiel"]
[Result "0-1"]
[WhiteElo "2023"]
[BlackElo "2345"]
[PlyCount "72"]
[EventDate "2018.??.??"]

1. d4 e6 2. Nf3 c5 3. e3 Nf6 4. c4 cxd4 5. exd4 Bb4+ 6. Bd2 Be7 7. Bd3 d5 8.
Qc2 dxc4 9. Qxc4 O-O 10. O-O b6 11. Qc2 Bb7 12. Qd1 Nc6 13. Be3 Nb4 14. Be2
Nbd5 15. Nc3 Rc8 16. Rc1 a6 17. Ne5 b5 18. Bf3 Nxc3 19. Rxc3 Rxc3 20. bxc3 Nd5
21. Bd2 Bd6 22. Re1 Qc7 23. Bxd5 Bxd5 24. h3 Qb7 25. c4 bxc4 26. f3 Qb2 27. Bc1
Qxa2 28. Re2 Qb3 29. Qf1 c3 30. Re1 Qb5 31. Qf2 Rc8 32. Qg3 f6 33. Bh6 Qb7 34.
Kh2 fxe5 35. Rb1 Qf7 36. Rb6 Bc7 0-1

[Event "OLNN 1718 SV Bargteheide - Schachfreund"]
[Site "?"]
[Date "2018.04.15"]
[Round "9.6"]
[White "Ahlers, Knut"]
[Black "Reichmann, Hendrik"]
[Result "0-1"]
[WhiteElo "1672"]
[BlackElo "2334"]
[PlyCount "32"]
[EventDate "2018.??.??"]

1. e4 g6 2. d4 Bg7 3. Nc3 d6 4. f4 a6 5. a4 Nf6 6. Nf3 O-O 7. Bd3 Nc6 8. e5
dxe5 9. fxe5 Ng4 10. Ne2 Nb4 11. Bc4 Bf5 12. Bb3 c5 13. Bd2 c4 14. Bxb4 cxb3
15. cxb3 Ne3 16. Qd2 Bh6 0-1

[Event "OLNN 1718 SV Bargteheide - Schachfreund"]
[Site "?"]
[Date "2018.04.15"]
[Round "9.7"]
[White "Rittemann, Steffen"]
[Black "Kroell, Stefan"]
[Result "1-0"]
[WhiteElo "2173"]
[BlackElo "1758"]
[PlyCount "55"]
[EventDate "2018.??.??"]

1. e4 d5 2. exd5 Nf6 3. Bb5+ Nbd7 4. Nc3 a6 5. Be2 Nb6 6. d4 Nfxd5 7. Nxd5 Qxd5
8. Bf3 Qd8 9. Ne2 e6 10. O-O Be7 11. Bf4 Rb8 12. Qc1 Nd5 13. Re1 b5 14. Be5 O-O
15. Nf4 Bb7 16. Nxd5 Bxd5 17. Bxd5 exd5 18. Qf4 Rb7 19. Qg4 Bf6 20. Re3 Bxe5
21. dxe5 c6 22. Rae1 Re7 23. f4 d4 24. Rg3 f6 25. h4 Qd7 26. e6 f5 27. Qxg7+
Rxg7 28. exd7 1-0

[Event "OLNN 1718 SV Bargteheide - Schachfreund"]
[Site "?"]
[Date "2018.04.15"]
[Round "9.8"]
[White "Wendriner, Mirco"]
[Black "Grahl, Arvid"]
[Result "0-1"]
[WhiteElo "1854"]
[BlackElo "2203"]
[PlyCount "52"]
[EventDate "2018.??.??"]

1. e4 d6 2. d4 Nf6 3. Bd3 e5 4. c3 Nc6 5. Nf3 Bg4 6. Be3 d5 7. exd5 Qxd5 8.
dxe5 Nxe5 9. Be2 Qxd1+ 10. Bxd1 Nd3+ 11. Kf1 Nxb2 12. Be2 a6 13. a4 O-O-O 14.
Ne5 Be6 15. Nd2 Nd5 16. Ne4 f6 17. Nf3 Nxe3+ 18. fxe3 Nc4 19. Kf2 Be7 20. Nd4
Bd5 21. Ng3 g6 22. Rab1 f5 23. Rhd1 Rhe8 24. Nf3 Nxe3 25. Kxe3 Bc5+ 26. Kf4
Be3# 0-1